|
|
|
|
| LEADER |
00835cam a2200241 7i4500 |
| 001 |
0000015693 |
| 005 |
20190307090000.0 |
| 020 |
|
|
|a 0077097467 (pbk.)
|
| 020 |
|
|
|a 9780077097462
|
| 090 |
0 |
0 |
|a HF5635
|b .T43 2002
|
| 100 |
1 |
|
|a Thomas, Andrew
|
| 245 |
1 |
3 |
|a An introduction to financial accounting
|c Andrew Thomas.
|
| 250 |
|
|
|a 4th ed.
|
| 260 |
|
|
|a London:
|b McGraw-Hill,
|c 2002.
|
| 300 |
|
|
|a xvii, 572 p.:
|b col. ill.;
|c 26 cm.
|
| 500 |
|
|
|a Includes index
|
| 500 |
|
|
|a Gift: Faculty of Business & Accountancy
|
| 650 |
0 |
0 |
|a Accounting
|
| 997 |
|
|
|a Business & Accountancy, Faculty
|
| 999 |
|
|
|a 0000023066
|b BOK
|c OPEN SHELF
|e 1st Floor, Shah Alam
|
| 999 |
|
|
|a 0000023765
|b BOK
|c OPEN SHELF
|e 1st Floor, Shah Alam
|
| 999 |
|
|
|a 0000023902
|b BOK
|c OPEN SHELF
|e 1st Floor, Shah Alam
|
| 999 |
|
|
|a 0000062085
|b BOK
|c OPEN SHELF
|e 1st Floor, Shah Alam
|